<?xml version="1.0" encoding="UTF-8"?><?xml-stylesheet type="text/xsl" href="static/style.xsl"?><OAI-PMH xmlns="http://www.openarchives.org/OAI/2.0/" xmlns:xsi="http://www.w3.org/2001/XMLSchema-instance" xsi:schemaLocation="http://www.openarchives.org/OAI/2.0/ http://www.openarchives.org/OAI/2.0/OAI-PMH.xsd"><responseDate>2026-05-12T00:05:05Z</responseDate><request verb="GetRecord" identifier="oai:gredos.usal.es:10366/21189" metadataPrefix="marc">https://gredos.usal.es/oai/request</request><GetRecord><record><header><identifier>oai:gredos.usal.es:10366/21189</identifier><datestamp>2025-04-30T17:43:06Z</datestamp><setSpec>com_10366_3701</setSpec><setSpec>com_10366_3692</setSpec><setSpec>com_10366_3676</setSpec><setSpec>col_10366_3702</setSpec></header><metadata><record xmlns="http://www.loc.gov/MARC21/slim" xmlns:doc="http://www.lyncode.com/xoai" xmlns:xsi="http://www.w3.org/2001/XMLSchema-instance" xmlns:dcterms="http://purl.org/dc/terms/" xsi:schemaLocation="http://www.loc.gov/MARC21/slim http://www.loc.gov/standards/marcxml/schema/MARC21slim.xsd">
<leader>00925njm 22002777a 4500</leader>
<datafield tag="042" ind1=" " ind2=" ">
<subfield code="a">dc</subfield>
</datafield>
<datafield tag="720" ind1=" " ind2=" ">
<subfield code="a">Torres, Carlos Arturo, 1867-1911</subfield>
<subfield code="e">author</subfield>
</datafield>
<datafield tag="260" ind1=" " ind2=" ">
<subfield code="c">2009-10-08T09:04:53Z</subfield>
</datafield>
<datafield tag="024" ind2=" " ind1="8">
<subfield code="a">http://hdl.handle.net/10366/21189</subfield>
</datafield>
<datafield ind1=" " ind2=" " tag="653">
<subfield code="a">Torres, Carlos Arturo, 1867-1911</subfield>
</datafield>
<datafield ind1=" " ind2=" " tag="653">
<subfield code="a">Unamuno, Miguel de, 1864-1936</subfield>
</datafield>
<datafield ind1=" " ind2=" " tag="653">
<subfield code="a">Cartas (Correspondencia)</subfield>
</datafield>
<datafield ind1=" " ind2=" " tag="653">
<subfield code="a">Liverpool (Reino Unido)</subfield>
</datafield>
<datafield ind1=" " ind2=" " tag="653">
<subfield code="a">Escritores colombianos</subfield>
</datafield>
<datafield ind1=" " ind2=" " tag="653">
<subfield code="a">Cónsules</subfield>
</datafield>
<datafield ind1=" " ind2=" " tag="653">
<subfield code="a">Poesías</subfield>
</datafield>
<datafield ind1=" " ind2=" " tag="653">
<subfield code="a">Torres, Carlos Arturo, 1867-1911</subfield>
</datafield>
<datafield ind1=" " ind2=" " tag="653">
<subfield code="a">Unamuno, Miguel de, 1864-1936</subfield>
</datafield>
<datafield ind1=" " ind2=" " tag="653">
<subfield code="a">Letters (Correspondence)</subfield>
</datafield>
<datafield ind1=" " ind2=" " tag="653">
<subfield code="a">Liverpool (United Kingdom)</subfield>
</datafield>
<datafield ind1=" " ind2=" " tag="653">
<subfield code="a">Colombians authors</subfield>
</datafield>
<datafield ind1=" " ind2=" " tag="653">
<subfield code="a">Consuls</subfield>
</datafield>
<datafield ind1=" " ind2=" " tag="653">
<subfield code="a">Poesías</subfield>
</datafield>
<datafield tag="245" ind1="0" ind2="0">
<subfield code="a">Carta de Carlos Arturo Torres a Miguel de Unamuno. Liverpool, 20 de julio de 1904</subfield>
</datafield>
</record></metadata></record></GetRecord></OAI-PMH>